[Event "2. Bundesliga West 2018/19"]
[Site "6922  Wolfurt"]
[Date "2018.10.14"]
[Round "3"]
[Board "1"]
[White "Berchtenbreiter, Maximilian"]
[Black "Hoefelsauer, Thomas"]
[Result "1/2-1/2"]
[WhiteElo "2426"]
[BlackElo "2339"]
[PlyCount "140"]
[EventDate "2018.10.12"]
[EventType "team"]
[EventRounds "11"]
[EventCountry "AUT"]
[WhiteTeam "Hohenems II"]
[BlackTeam "Wolfurt"]

1. e4 c6 2. Nc3 d5 3. Qe2 d4 4. Nd1 e5 5. g3 Bd6 6. d3 c5 7. f4 exf4 8. gxf4
Qh4+ 9. Qf2 Qxf2+ 10. Nxf2 Nc6 11. h4 h5 12. Nf3 Nh6 13. Bd2 Ng4 14. Rg1 g6 15.
c3 Ne3 16. e5 Nxf1 17. exd6 Nxd2 18. Kxd2 Bf5 19. Rae1+ Kd7 20. cxd4 cxd4 21.
Ne4 Bxe4 22. Rxe4 Kxd6 23. Nxd4 Rhe8 24. Nf3 Rad8 25. Ng5 Re7 26. Rf1 Rdd7 27.
a3 Rxe4 28. Nxe4+ Ke7 29. Re1 Kf8 30. Nc5 Rd5 31. Nxb7 Rb5 32. Nd6 Rxb2+ 33.
Kc3 Rf2 34. Re8+ Kg7 35. Re4 Nd8 36. Kd4 Ra2 37. Nc4 Ne6+ 38. Ke5 Rh2 39. d4
Rxh4 40. Nd6 Rh3 41. a4 Ra3 42. d5 Nc5 43. Rc4 Nd7+ 44. Kd4 Nb6 45. Rc7 Rxa4+
46. Ke5 Rxf4 47. Rxa7 Rf1 48. Rb7 Re1+ 49. Kd4 Rd1+ 50. Ke4 Nxd5 51. Rxf7+ Kh6
52. Nc4 Kg5 53. Rg7 Nf6+ 54. Kf3 Rd3+ 55. Ke2 Rd7 56. Rxd7 Nxd7 57. Kf3 Kh4 58.
Kf4 g5+ 59. Kf5 g4 60. Ne3 Kg3 61. Kg5 Kf3 62. Nf5 Ne5 63. Kxh5 Kf4 64. Nd4 Ke4
65. Ne2 Ke3 66. Ng3 Kf3 67. Nf5 Kf4 68. Nd4 Nd3 69. Ne2+ Kf3 70. Ng1+ Kg2
 1/2-1/2

[Event "2. Bundesliga West 2018/19"]
[Site "6922  Wolfurt"]
[Date "2018.10.14"]
[Round "3"]
[Board "2"]
[White "Matt, Fabian"]
[Black "Novkovic, Milan"]
[Result "1/2-1/2"]
[WhiteElo "2228"]
[BlackElo "2359"]
[PlyCount "85"]
[EventDate "2018.10.12"]
[EventType "team"]
[EventRounds "11"]
[EventCountry "AUT"]
[WhiteTeam "Wolfurt"]
[BlackTeam "Hohenems II"]

1. e4 c6 2. d4 d5 3. exd5 cxd5 4. c3 Nc6 5. Bd3 Nf6 6. Bf4 g6 7. Nf3 Bg7 8. h3
O-O 9. O-O b6 10. Re1 Bb7 11. Nbd2 a5 12. a4 Ba6 13. Bxa6 Rxa6 14. Qb3 e6 15.
Qb5 Qc8 16. Rac1 Na7 17. Qd3 Qb7 18. c4 Nc6 19. Ne5 dxc4 20. Qf3 Nd5 21. Nxc6
Qxc6 22. Rxc4 Qd7 23. Ne4 Ra7 24. Nd6 Nxf4 25. Qxf4 Rc7 26. Rxc7 Qxc7 27. Rc1
Qd7 28. Nb5 Qd5 29. Qf3 Qxf3 30. gxf3 Rd8 31. Rc4 e5 32. dxe5 Bxe5 33. b4 Kg7
34. f4 Bf6 35. Na7 Rd4 36. Rxd4 Bxd4 37. Nc6 Bc3 38. bxa5 bxa5 39. Kf1 Kf6 40.
Ke2 Kf5 41. Ke3 Be1 42. Ke2 Bc3 43. Ke3  1/2-1/2

[Event "2. Bundesliga West 2018/19"]
[Site "6922  Wolfurt"]
[Date "2018.10.14"]
[Round "3"]
[Board "3"]
[White "Georgescu, Lena"]
[Black "Donev, Ivo"]
[Result "1/2-1/2"]
[WhiteElo "2195"]
[BlackElo "2322"]
[PlyCount "67"]
[EventDate "2018.10.12"]
[EventType "team"]
[EventRounds "11"]
[EventCountry "AUT"]
[WhiteTeam "Hohenems II"]
[BlackTeam "Wolfurt"]

1. e4 e6 2. d4 d5 3. Nc3 dxe4 4. Nxe4 Nd7 5. Nf3 Ngf6 6. Bd3 c5 7. Nxf6+ Nxf6
8. O-O cxd4 9. Nxd4 Be7 10. c3 O-O 11. Bf4 Bd7 12. Qe2 Re8 13. Be5 Qb6 14. Rad1
Bc6 15. Nxc6 bxc6 16. c4 Rac8 17. h3 Nd7 18. Bc3 Bf6 19. Qc2 h6 20. Bxf6 Nxf6
21. b3 c5 22. Be4 Red8 23. Rxd8+ Rxd8 24. Bf3 Kf8 25. g3 Ke7 26. Kg2 Rd7 27.
Rd1 Rxd1 28. Qxd1 Qa5 29. Qc2 Qe1 30. Qb2 a5 31. Qa3 Qb4 32. Qc1 Qb6 33. Qc3
Qc7 34. Qb2  1/2-1/2

[Event "2. Bundesliga West 2018/19"]
[Site "6922  Wolfurt"]
[Date "2018.10.14"]
[Round "3"]
[Board "4"]
[White "Neuberger, Guido"]
[Black "Atlas, Dmitry"]
[Result "1-0"]
[WhiteElo "2251"]
[BlackElo "2184"]
[PlyCount "119"]
[EventDate "2018.10.12"]
[EventType "team"]
[EventRounds "11"]
[EventCountry "AUT"]
[WhiteTeam "Wolfurt"]
[BlackTeam "Hohenems II"]

1. d4 d5 2. Nf3 Nf6 3. Bf4 e6 4. e3 Be7 5. Nbd2 O-O 6. Bd3 c5 7. c3 Nbd7 8. Ne5
cxd4 9. exd4 Nxe5 10. dxe5 Nd7 11. Qh5 f5 12. g4 Nc5 13. Bc2 d4 14. gxf5 d3 15.
Bd1 Rxf5 16. Qg4 h5 17. Qg3 h4 18. Qg4 Qf8 19. Be3 Rxe5 20. b4 Nd7 21. Bb3 Nf6
22. Qd4 Rh5 23. Qxd3 a5 24. bxa5 Bc5 25. O-O-O Bxe3 26. Qxe3 Nd5 27. Bxd5 Qa3+
28. Kb1 Rxd5 29. Nb3 Qa4 30. Rd4 Rxd4 31. Qxd4 Qxd4 32. cxd4 Bd7 33. Re1 Rf8
34. Re2 Bb5 35. Rd2 Bc4 36. Nc5 Bd5 37. Rb2 Rf4 38. Nxb7 Rxd4 39. a6 Ra4 40.
Nc5 Ra5 41. Rc2 Ra3 42. f4 Kf7 43. Kb2 Rxa2+ 44. Kc3 Ra1 45. Kb4 Ke7 46. Na4
Rb1+ 47. Ka5 Rb8 48. Rc7+ Kf6 49. Nb6 Rd8 50. Nxd5+ exd5 51. a7 Kf5 52. Rd7 Ra8
53. Kb6 Kxf4 54. Rxd5 g5 55. h3 Rg8 56. Rc5 Kg3 57. Rc3+ Kg2 58. Rb3 Kf2 59.
Kb7 Rg7+ 60. Ka6  1-0

[Event "2. Bundesliga West 2018/19"]
[Site "6922  Wolfurt"]
[Date "2018.10.14"]
[Round "3"]
[Board "5"]
[White "Novkovic, Julia"]
[Black "Wagner, Leopold Franziskus"]
[Result "1/2-1/2"]
[WhiteElo "2143"]
[BlackElo "1941"]
[PlyCount "118"]
[EventDate "2018.10.12"]
[EventType "team"]
[EventRounds "11"]
[EventCountry "AUT"]
[WhiteTeam "Hohenems II"]
[BlackTeam "Wolfurt"]

1. e4 c6 2. Nc3 d5 3. Nf3 Nf6 4. e5 Nfd7 5. d4 e6 6. Ne2 c5 7. c3 Nc6 8. Nf4
Be7 9. h4 Qa5 10. Bd2 Qb6 11. Qb3 Qxb3 12. axb3 cxd4 13. cxd4 Nb4 14. Rc1 Nb6
15. Nh5 Rg8 16. Rh3 Nd7 17. Rg3 g6 18. Kd1 Nc6 19. Bb5 Ndb8 20. Nf6+ Bxf6 21.
exf6 a6 22. Bxc6+ Nxc6 23. Ne5 Bd7 24. Nxc6 Bxc6 25. Rgc3 h5 26. Bf4 Kd7 27.
Kd2 Rac8 28. Ke3 Rh8 29. Be5 Rh7 30. Kf4 Rhh8 31. Kg5 Rh7 32. Rc5 Rhh8 33. Bg3
Rh7 34. Bf4 Rhh8 35. f3 Rh7 36. Bd2 Rhh8 37. Ba5 Rh7 38. Bb6 Rhh8 39. Ba5 Rh7
40. Be1 Rhh8 41. Bg3 Rh7 42. Kf4 Rhh8 43. Ke3 Rh7 44. Bf4 Rhh8 45. R5c3 Rh7 46.
Rh1 Rch8 47. Rh3 Rc8 48. Rg3 Rhh8 49. Rg5 Rh7 50. Bg3 Bb5 51. Be1 Rxc3+ 52.
bxc3 Rh8 53. g4 Rh7 54. Re5 Kd6 55. Kf4 Bd3 56. Bg3 Bc2 57. Re2 Bd3 58. Rd2 Bb5
59. Rb2 Rh8  1/2-1/2

[Event "2. Bundesliga West 2018/19"]
[Site "6922  Wolfurt"]
[Date "2018.10.14"]
[Round "3"]
[Board "6"]
[White "Kalcher, Mathias"]
[Black "Uhlmann, David"]
[Result "1-0"]
[WhiteElo "2070"]
[BlackElo "2150"]
[PlyCount "39"]
[EventDate "2018.10.12"]
[EventType "team"]
[EventRounds "11"]
[EventCountry "AUT"]
[WhiteTeam "Wolfurt"]
[BlackTeam "Hohenems II"]

1. c4 e5 2. Nc3 Nc6 3. Nf3 f5 4. e3 e4 5. Nd4 Nxd4 6. exd4 Nf6 7. d3 Bb4 8. Be2
O-O 9. O-O d6 10. Bd2 Qe8 11. Nxe4 fxe4 12. Bxb4 Qg6 13. dxe4 Bh3 14. Bf3 Nh5
15. Kh1 Rxf3 16. Qxf3 Bg4 17. Qe3 Rf8 18. f3 Bd7 19. f4 Qh6 20. Bd2  1-0

[Event "2. Bundesliga West 2018/19"]
[Site "6922  Wolfurt"]
[Date "2018.10.14"]
[Round "3"]
[Board "1"]
[White "Repka, Christopher"]
[Black "Breneis, Lukas"]
[Result "0-1"]
[WhiteElo "2523"]
[BlackElo "2192"]
[PlyCount "68"]
[EventDate "2018.10.12"]
[EventType "team"]
[EventRounds "11"]
[EventCountry "AUT"]
[WhiteTeam "Bregenz"]
[BlackTeam "SPG Oberland"]

1. d4 Nf6 2. c4 c5 3. d5 d6 4. Nc3 g6 5. e4 Bg7 6. Nge2 O-O 7. Ng3 e5 8. h4 h5
9. Be2 a6 10. a4 Ng4 11. Bd2 Bf6 12. Nf1 Bxh4 13. g3 Be7 14. f3 Nf6 15. Bh6 Re8
16. Qd2 Nbd7 17. g4 Nf8 18. O-O-O h4 19. Ne3 N6h7 20. Rdg1 g5 21. f4 exf4 22.
Nf5 Ng6 23. e5 Nxe5 24. Ne4 f6 25. Rxh4 gxh4 26. Qxf4 Ng6 27. Qf2 Bf8 28. Bd3
Rxe4 29. Bxe4 Bxf5 30. Qxf5 Bxh6+ 31. g5 Bxg5+ 32. Rxg5 Nxg5 33. Qxg6+ Kf8 34.
Qh5 Nxe4  0-1

[Event "2. Bundesliga West 2018/19"]
[Site "6922  Wolfurt"]
[Date "2018.10.14"]
[Round "3"]
[Board "2"]
[White "Schnegg, Daniel"]
[Black "Nayhebaver, Martin"]
[Result "1/2-1/2"]
[WhiteElo "2117"]
[BlackElo "2466"]
[PlyCount "41"]
[EventDate "2018.10.12"]
[EventType "team"]
[EventRounds "11"]
[EventCountry "AUT"]
[WhiteTeam "SPG Oberland"]
[BlackTeam "Bregenz"]

1. f4 d5 2. e3 g6 3. Nf3 Bg7 4. d4 Nf6 5. Bd3 O-O 6. O-O c5 7. c3 b6 8. Ne5 a5
9. b3 Ba6 10. Bb2 Qc7 11. Na3 e6 12. Nb5 Qe7 13. a4 Bb7 14. Ba3 Na6 15. Rc1
Rfd8 16. Rf2 Rac8 17. Na7 Rc7 18. Nb5 Rcc8 19. Na7 Rc7 20. Nb5 Rcc8 21. Na7
 1/2-1/2

[Event "2. Bundesliga West 2018/19"]
[Site "6922  Wolfurt"]
[Date "2018.10.14"]
[Round "3"]
[Board "3"]
[White "Sergeev, Vladimir"]
[Black "Moritz, Christian"]
[Result "1-0"]
[WhiteElo "2412"]
[BlackElo "2100"]
[PlyCount "73"]
[EventDate "2018.10.12"]
[EventType "team"]
[EventRounds "11"]
[EventCountry "AUT"]
[WhiteTeam "Bregenz"]
[BlackTeam "SPG Oberland"]

1. g3 f5 2. d4 Nf6 3. Bg2 c6 4. Nd2 d5 5. Nh3 Be6 6. Nf4 Bf7 7. Nf3 e6 8. Ng5
Qc8 9. O-O Bd6 10. Nd3 Nbd7 11. Bf4 Qc7 12. Rc1 e5 13. dxe5 Nxe5 14. Bxe5 Bxe5
15. Nxf7 Kxf7 16. c4 dxc4 17. Rxc4 Rhe8 18. b4 a6 19. Qb3 Kf8 20. Nc5 Rac8 21.
Rfc1 Nd7 22. Bh3 Nxc5 23. bxc5 g6 24. e4 Qf7 25. exf5 gxf5 26. Qc2 Rc7 27. Bxf5
Rce7 28. Rh4 Bg7 29. Rf4 Re2 30. Qd3 Bf6 31. Bxh7 Re1+ 32. Rxe1 Rxe1+ 33. Kg2
Re6 34. Bg6 Qe7 35. Qf5 Kg7 36. Bh5 Kh8 37. Rg4  1-0

[Event "2. Bundesliga West 2018/19"]
[Site "6922  Wolfurt"]
[Date "2018.10.14"]
[Round "3"]
[Board "4"]
[White "Pali, Philipp"]
[Black "Dobosz, Henryk"]
[Result "0-1"]
[WhiteElo "2071"]
[BlackElo "2399"]
[PlyCount "38"]
[EventDate "2018.10.12"]
[EventType "team"]
[EventRounds "11"]
[EventCountry "AUT"]
[WhiteTeam "SPG Oberland"]
[BlackTeam "Bregenz"]

1. f4 Nf6 2. Nf3 g6 3. g3 b6 4. Bg2 Bb7 5. d3 d5 6. c3 Bg7 7. O-O O-O 8. Qe1
Nbd7 9. Na3 e6 10. Nc2 Qe7 11. Ne5 c5 12. Bd2 Rfd8 13. b3 Rac8 14. Nxd7 Rxd7
15. e4 dxe4 16. dxe4 Bxe4 17. Bxe4 Nxe4 18. Qxe4 Rxd2 19. Rf3 f5  0-1

[Event "2. Bundesliga West 2018/19"]
[Site "6922  Wolfurt"]
[Date "2018.10.14"]
[Round "3"]
[Board "5"]
[White "Bezler, Rainer"]
[Black "Rantner, Otto"]
[Result "1/2-1/2"]
[WhiteElo "2207"]
[BlackElo "1909"]
[PlyCount "74"]
[EventDate "2018.10.12"]
[EventType "team"]
[EventRounds "11"]
[EventCountry "AUT"]
[WhiteTeam "Bregenz"]
[BlackTeam "SPG Oberland"]

1. e4 c5 2. Nf3 d6 3. d4 cxd4 4. Nxd4 Nf6 5. Nc3 a6 6. Be3 e5 7. Nb3 Be6 8. f3
Be7 9. Qd2 Nbd7 10. g4 b5 11. g5 b4 12. Ne2 Nh5 13. O-O-O a5 14. Kb1 a4 15.
Nbc1 b3 16. Nc3 bxc2+ 17. Kxc2 O-O 18. Kb1 Nb6 19. Nd5 Nxd5 20. exd5 Bd7 21.
Bd3 g6 22. Ne2 Qa5 23. Qxa5 Rxa5 24. Nc3 Rb8 25. Rhe1 f5 26. gxf6 Bxf6 27. Ne4
Bg7 28. Re2 Bf8 29. Rc2 Rb7 30. Rdc1 Bb5 31. Rd2 Bxd3+ 32. Rxd3 Nf4 33. Rd2 Kf7
34. Bxf4 exf4 35. Rc6 Rd7 36. Ng5+ Kf6 37. Ne6 Be7  1/2-1/2

[Event "2. Bundesliga West 2018/19"]
[Site "6922  Wolfurt"]
[Date "2018.10.14"]
[Round "3"]
[Board "6"]
[White "Eiter, Meinhard"]
[Black "Ciolek, Andreas"]
[Result "1/2-1/2"]
[WhiteElo "1851"]
[BlackElo "2247"]
[PlyCount "87"]
[EventDate "2018.10.12"]
[EventType "team"]
[EventRounds "11"]
[EventCountry "AUT"]
[WhiteTeam "SPG Oberland"]
[BlackTeam "Bregenz"]

1. Nf3 Nf6 2. b3 g6 3. Bb2 Bg7 4. c4 O-O 5. g3 d6 6. Bg2 e5 7. d3 Nc6 8. O-O h6
9. Nbd2 Be6 10. a3 a5 11. Qc2 Qd7 12. e3 Bh3 13. d4 Rfe8 14. dxe5 dxe5 15. Rfd1
Bxg2 16. Kxg2 Qe7 17. Ne4 Nxe4 18. Qxe4 Rad8 19. Rd5 f5 20. Qc2 e4 21. Ng1 Bxb2
22. Qxb2 Rxd5 23. cxd5 Qe5 24. Qxe5 Nxe5 25. Rc1 Rc8 26. Ne2 Kf7 27. Nd4 Ke7
28. Nb5 Kd7 29. Na7 Ra8 30. Nb5 c6 31. dxc6+ bxc6 32. Nd4 Kd6 33. h4 Rb8 34. a4
h5 35. Rc3 Rb4 36. f4 exf3+ 37. Nxf3 Ng4 38. Rd3+ Kc7 39. Ng5 Ne5 40. Ne6+ Kb6
41. Rc3 Nd7 42. Nf4 Nc5 43. Nxg6 Nxb3 44. Ne7  1/2-1/2

[Event "2. Bundesliga West 2018/19"]
[Site "5202 Neumarkt am Wallersee"]
[Date "2018.10.14"]
[Round "3"]
[Board "1"]
[White "Bertagnolli, Alexander"]
[Black "Bensch, Patrick"]
[Result "1/2-1/2"]
[WhiteElo "2375"]
[BlackElo "2168"]
[PlyCount "71"]
[EventDate "2018.10.12"]
[EventType "team"]
[EventRounds "11"]
[EventCountry "AUT"]
[WhiteTeam "Kufstein/Woergl"]
[BlackTeam "Ranshofen"]

1. d4 Nf6 2. Bg5 Ne4 3. Bf4 c5 4. f3 Qa5+ 5. c3 Nf6 6. Nd2 cxd4 7. Nb3 Qb6 8.
Qxd4 Nc6 9. Qxb6 axb6 10. Nd4 e5 11. Nxc6 exf4 12. Nd4 Bd6 13. e3 fxe3 14. Nf5
Bc5 15. Nxg7+ Kf8 16. Nf5 d5 17. Bd3 Bxf5 18. Bxf5 d4 19. Ne2 dxc3 20. Nxc3 Bd4
21. Ke2 Ra5 22. Be4 Kg7 23. Rhd1 Bxc3 24. bxc3 Rha8 25. Kxe3 Rxa2 26. Rxa2 Rxa2
27. Rd2 Ra3 28. Rc2 Nxe4 29. Kxe4 Rb3 30. Kd4 b5 31. Ra2 b4 32. c4 Rb1 33. Ra7
b6 34. Ra6 Rd1+ 35. Ke3 Rc1 36. Rxb6  1/2-1/2

[Event "2. Bundesliga West 2018/19"]
[Site "5202 Neumarkt am Wallersee"]
[Date "2018.10.14"]
[Round "3"]
[Board "2"]
[White "Brehovsky, Paul"]
[Black "Koepke, Elena"]
[Result "0-1"]
[WhiteElo "2126"]
[BlackElo "2271"]
[PlyCount "42"]
[EventDate "2018.10.12"]
[EventType "team"]
[EventRounds "11"]
[EventCountry "AUT"]
[WhiteTeam "Ranshofen"]
[BlackTeam "Kufstein/Woergl"]

1. d4 d5 2. c4 dxc4 3. e3 e5 4. Nf3 exd4 5. Bxc4 Bb4+ 6. Bd2 Bxd2+ 7. Qxd2 Nc6
8. O-O Nf6 9. exd4 O-O 10. h3 a6 11. a4 Qd6 12. Nc3 Bf5 13. Rfd1 Rad8 14. Qg5
Bc2 15. Rdc1 Bg6 16. d5 Ne7 17. Ne5 Rfe8 18. Ba2 h6 19. Qf4 Nexd5 20. Nxd5 Nxd5
21. Bxd5 Rxe5  0-1

[Event "2. Bundesliga West 2018/19"]
[Site "5202 Neumarkt am Wallersee"]
[Date "2018.10.14"]
[Round "3"]
[Board "3"]
[White "Neuschmied, Siegfried"]
[Black "Kuecher, Wolfgang"]
[Result "1-0"]
[WhiteElo "2284"]
[BlackElo "2124"]
[PlyCount "133"]
[EventDate "2018.10.12"]
[EventType "team"]
[EventRounds "11"]
[EventCountry "AUT"]
[WhiteTeam "Kufstein/Woergl"]
[BlackTeam "Ranshofen"]

1. e4 g6 2. d4 Bg7 3. Nc3 d6 4. g3 a6 5. Bg2 Nc6 6. Nge2 e5 7. Be3 exd4 8. Nxd4
Nge7 9. Qd2 O-O 10. Nxc6 Nxc6 11. Bh6 Be6 12. Bxg7 Kxg7 13. O-O-O Rb8 14. f4 f5
15. exf5 gxf5 16. Bd5 Qd7 17. Bxe6 Qxe6 18. Nd5 Qf7 19. Qc3+ Kh6 20. Rhe1 Rbe8
21. Rxe8 Rxe8 22. Nxc7 Rd8 23. Nxa6 bxa6 24. Qxc6 Qxa2 25. Rxd6+ Rxd6 26. Qxd6+
Kh5 27. c3 Qa1+ 28. Kc2 Qa4+ 29. Kb1 Kg4 30. Qd4 Qb3 31. Kc1 Kh3 32. Qd3 Qe6
33. g4+ Kxh2 34. Qxf5 Qe3+ 35. Kc2 Qf2+ 36. Kb3 Qb6+ 37. Ka3 Kg3 38. b4 Qc7 39.
Qe5 Qc4 40. Qc5 Qf1 41. Qe3+ Kxg4 42. Qe6+ Kg3 43. Qg8+ Kf3 44. Qxh7 Qa1+ 45.
Kb3 Kxf4 46. Qd3 Ke5 47. Kc4 Ke6 48. Kc5 Qg1+ 49. Kc6 Qa1 50. Qd6+ Kf7 51. c4
Qa2 52. Qd5+ Ke7 53. Kb6 Kf6 54. Qc6+ Ke5 55. Kb7 Kd4 56. Qf6+ Kd3 57. c5 Qd5+
58. Qc6 Qf7+ 59. Kxa6 Kc3 60. b5 Kb4 61. Kb6 Qc4 62. Ka6 Qa2+ 63. Kb7 Qf7+ 64.
Qc7 Qd5+ 65. c6 Kxb5 66. Qb6+ Ka4 67. Ka7  1-0

[Event "2. Bundesliga West 2018/19"]
[Site "5202 Neumarkt am Wallersee"]
[Date "2018.10.14"]
[Round "3"]
[Board "4"]
[White "Stadler, Alexander"]
[Black "Blaskowski, Johannes"]
[Result "1/2-1/2"]
[WhiteElo "2114"]
[BlackElo "2301"]
[PlyCount "80"]
[EventDate "2018.10.12"]
[EventType "team"]
[EventRounds "11"]
[EventCountry "AUT"]
[WhiteTeam "Ranshofen"]
[BlackTeam "Kufstein/Woergl"]

1. d4 Nf6 2. Nf3 g6 3. Bg5 Bg7 4. Nbd2 d5 5. e3 c6 6. c3 Nbd7 7. Be2 O-O 8. O-O
Re8 9. Bh4 a5 10. a4 e5 11. Bg3 exd4 12. exd4 Nh5 13. Re1 Nxg3 14. hxg3 Nf8 15.
Nb3 Qc7 16. Qd2 Bg4 17. Nh2 Bxe2 18. Rxe2 Rxe2 19. Qxe2 Ne6 20. Re1 b6 21. Nf3
Qd6 22. Ne5 Re8 23. Qa6 Qc7 24. Nf3 Qb8 25. Nc1 Re7 26. Ne5 Bxe5 27. Rxe5 Nc5
28. Qe2 Rxe5 29. dxe5 Nxa4 30. f4 Nc5 31. g4 Qd8 32. Qe3 Qh4 33. b4 axb4 34.
cxb4 Ne4 35. Qxb6 Qe1+ 36. Kh2 Qxc1 37. Qb8+ Kg7 38. e6 fxe6 39. Qc7+ Kh6 40.
Qb8 Kg7  1/2-1/2

[Event "2. Bundesliga West 2018/19"]
[Site "5202 Neumarkt am Wallersee"]
[Date "2018.10.14"]
[Round "3"]
[Board "5"]
[White "Maurer, Jochen"]
[Black "Schwarzmeier, Klaus"]
[Result "1-0"]
[WhiteElo "2213"]
[BlackElo "2187"]
[PlyCount "101"]
[EventDate "2018.10.12"]
[EventType "team"]
[EventRounds "11"]
[EventCountry "AUT"]
[WhiteTeam "Kufstein/Woergl"]
[BlackTeam "Ranshofen"]

1. e4 e6 2. d4 d5 3. Nd2 Nf6 4. e5 Nfd7 5. Bd3 c5 6. c3 Nc6 7. Ne2 cxd4 8. cxd4
f6 9. exf6 Nxf6 10. Nf3 Bd6 11. O-O Qc7 12. h3 O-O 13. Be3 Bd7 14. Re1 Rae8 15.
Nc3 a6 16. Rc1 Qb8 17. Na4 e5 18. dxe5 Nxe5 19. Nxe5 Bxe5 20. Nc5 Bc8 21. Qa4
Ne4 22. Nxe4 dxe4 23. Bxe4 Bxb2 24. Bxh7+ Kxh7 25. Qc2+ Bf5 26. Qxb2 Rf6 27.
Bg5 Rc6 28. Rxe8 Rxc1+ 29. Qxc1 Qxe8 30. Qc5 Be4 31. h4 Qe6 32. Qe3 Bd5 33. a3
Qe4 34. Qxe4+ Bxe4 35. f3 Bc6 36. Kf2 g6 37. Ke3 Kg7 38. Kf4 Kf7 39. Bd8 Bb5
40. Kg5 Bf1 41. g4 Be2 42. f4 Bd3 43. Bb6 Bc2 44. Bd4 Bd3 45. Kh6 Be2 46. f5
gxf5 47. g5 f4 48. g6+ Kg8 49. Kg5 Bd3 50. h5 f3 51. h6  1-0

[Event "2. Bundesliga West 2018/19"]
[Site "5202 Neumarkt am Wallersee"]
[Date "2018.10.14"]
[Round "3"]
[Board "6"]
[White "Spiesberger, Gerhard"]
[Black "Kranewitter, Norbert"]
[Result "1/2-1/2"]
[WhiteElo "2076"]
[BlackElo "2008"]
[PlyCount "81"]
[EventDate "2018.10.12"]
[EventType "team"]
[EventRounds "11"]
[EventCountry "AUT"]
[WhiteTeam "Ranshofen"]
[BlackTeam "Kufstein/Woergl"]

1. e4 c5 2. Nc3 Nc6 3. g3 g6 4. Bg2 Bg7 5. d3 d6 6. Be3 Nd4 7. Nge2 e6 8. O-O
Ne7 9. Qd2 O-O 10. Nd1 Nxe2+ 11. Qxe2 Rb8 12. Qd2 b6 13. Bh6 Bb7 14. Bxg7 Kxg7
15. f4 f5 16. Qc3+ Kg8 17. Nf2 h6 18. Rae1 Qd7 19. Re2 Kh7 20. Rfe1 Rbe8 21.
exf5 exf5 22. Bxb7 Qxb7 23. Re6 Qd7 24. Qd2 Nc6 25. Qe3 Rxe6 26. Qxe6 Rf7 27.
Qxd7 Rxd7 28. c3 Re7 29. Kf1 Kg7 30. Nd1 Rxe1+ 31. Kxe1 Kf6 32. Ke2 d5 33. Ne3
Ke6 34. Ng2 b5 35. Ne1 d4 36. Nf3 Kd5 37. Nh4 Ne7 38. Nf3 Nc6 39. Kd2 a5 40.
Nh4 Ne7 41. Nf3  1/2-1/2

[Event "2. Bundesliga West 2018/19"]
[Site "5202 Neumarkt am Wallersee"]
[Date "2018.10.14"]
[Round "3"]
[Board "1"]
[White "Frank, Emanuel"]
[Black "Barseghyan, Harutyun"]
[Result "1/2-1/2"]
[WhiteElo "2175"]
[BlackElo "2466"]
[PlyCount "81"]
[EventDate "2018.10.12"]
[EventType "team"]
[EventRounds "11"]
[EventCountry "AUT"]
[WhiteTeam "ASK Salzburg"]
[BlackTeam "Sparkasse Neumarkt"]

1. d4 Nf6 2. c4 e6 3. g3 d5 4. Nf3 dxc4 5. Bg2 a6 6. O-O b5 7. Ne5 Nd5 8. a4
Bb7 9. axb5 axb5 10. Rxa8 Bxa8 11. e4 Nf6 12. Nc3 c6 13. d5 Be7 14. dxe6 fxe6
15. Qe2 O-O 16. Bh3 Kh8 17. Nf3 Nbd7 18. e5 Nd5 19. Ne4 Qe8 20. Bxe6 Nc5 21.
Nxc5 Bxc5 22. Bh3 Qh5 23. Bg2 Bb7 24. Qe4 Bc8 25. Nd4 Bf5 26. Nxf5 Qxf5 27.
Qxf5 Rxf5 28. Bf4 Nxf4 29. gxf4 Rxf4 30. Bxc6 b4 31. Kg2 g6 32. Kg3 Rd4 33. Rc1
Rd3+ 34. f3 c3 35. bxc3 Rxc3 36. Rxc3 bxc3 37. Ba4 Kg7 38. Kf4 Kf7 39. Ke4 Ke7
40. Bb3 Bg1 41. h3  1/2-1/2

[Event "2. Bundesliga West 2018/19"]
[Site "5202 Neumarkt am Wallersee"]
[Date "2018.10.14"]
[Round "3"]
[Board "2"]
[White "Manakov, Ilya"]
[Black "Burschowsky, Matthias"]
[Result "1/2-1/2"]
[WhiteElo "2361"]
[BlackElo "2227"]
[PlyCount "85"]
[EventDate "2018.10.12"]
[EventType "team"]
[EventRounds "11"]
[EventCountry "AUT"]
[WhiteTeam "Sparkasse Neumarkt"]
[BlackTeam "ASK Salzburg"]

1. e4 c5 2. Nf3 g6 3. c3 Bg7 4. d4 cxd4 5. cxd4 d5 6. e5 Bg4 7. Bb5+ Nd7 8. O-O
e6 9. Nbd2 Ne7 10. h3 Bxf3 11. Nxf3 O-O 12. Bg5 h6 13. Bxe7 Qxe7 14. Qd2 Rfc8
15. Rac1 a6 16. Bxd7 Qxd7 17. Rxc8+ Rxc8 18. Rc1 Rc6 19. Rxc6 Qxc6 20. g4 Bf8
21. Kg2 Kg7 22. Ng1 Qc4 23. b3 Qb5 24. f4 Bb4 25. Qc2 Qa5 26. Nf3 Qd8 27. h4
Qd7 28. Qd3 Qc8 29. Kg3 Qc1 30. Qe2 Bc3 31. Qd3 Be1+ 32. Nxe1 Qxe1+ 33. Kh3 Qf2
34. h5 Qxf4 35. hxg6 fxg6 36. Qc3 h5 37. gxh5 gxh5 38. Qc8 h4 39. Qd7+ Kf8 40.
Qd8+ Kf7 41. Qd7+ Kf8 42. Qd8+ Kf7 43. Qc7+  1/2-1/2

[Event "2. Bundesliga West 2018/19"]
[Site "5202 Neumarkt am Wallersee"]
[Date "2018.10.14"]
[Round "3"]
[Board "3"]
[White "Juergens, Klaus"]
[Black "Kaspret, Guido"]
[Result "0-1"]
[WhiteElo "2149"]
[BlackElo "2289"]
[PlyCount "80"]
[EventDate "2018.10.12"]
[EventType "team"]
[EventRounds "11"]
[EventCountry "AUT"]
[WhiteTeam "ASK Salzburg"]
[BlackTeam "Sparkasse Neumarkt"]

1. Nf3 Nf6 2. c4 d6 3. d4 Nbd7 4. g3 e5 5. Bg2 Be7 6. O-O O-O 7. Nc3 c6 8. Qc2
Re8 9. Rd1 Qc7 10. b3 Bf8 11. dxe5 dxe5 12. Bb2 a5 13. e3 Nc5 14. h3 g6 15. g4
h5 16. gxh5 Nxh5 17. Ne1 Bf5 18. e4 Bd7 19. Ne2 Rad8 20. Nd3 Bc8 21. Nxc5 Bxc5
22. Rxd8 Qxd8 23. Qc3 Qh4 24. Rf1 b6 25. Bc1 Nf6 26. Qf3 Nh7 27. Be3 Ng5 28.
Bxg5 Qxg5 29. Rd1 Kg7 30. Rd3 Rh8 31. Kf1 Be6 32. Ng1 a4 33. Qd1 axb3 34. axb3
Qh4 35. Qe2 Ra8 36. Rd1 Ra3 37. Nf3 Qh5 38. Qb2 f6 39. Rc1 Bxh3 40. Bxh3 Qxf3
 0-1

[Event "2. Bundesliga West 2018/19"]
[Site "5202 Neumarkt am Wallersee"]
[Date "2018.10.14"]
[Round "3"]
[Board "4"]
[White "De Visser, Leon"]
[Black "Scheiblmaier, Robert"]
[Result "1/2-1/2"]
[WhiteElo "2243"]
[BlackElo "2192"]
[PlyCount "0"]
[EventDate "2018.10.12"]
[EventType "team"]
[EventRounds "11"]
[EventCountry "AUT"]
[WhiteTeam "Sparkasse Neumarkt"]
[BlackTeam "ASK Salzburg"]

1. c4 e6 2. g3 d5 3. Bg2 Nf6 4. Nf3 c5 5. cxd5 exd5 6. d4 Nc6 7. O-O Be7 8. Nc3
O-O 9. b3 Ne4 10. Bb2 Bf6 11. Nxe4 dxe4 12. Nd2 Bxd4 13. Bxd4 cxd4 14. Nxe4 Qe7
15. Rc1 Bf5 16. Nc5 Rac8 17. Qd2 b6 18. Nd3 Be4 19. Bh3 Rcd8 20. f3 Bxd3 21.
exd3 Qd6 22. f4 Nb4 23. Bg2 Nd5 24. Bxd5 Qxd5 25. Rfe1 Rfe8 26. Rxe8+ Rxe8 27.
Re1 Re6 28. Rxe6 Qxe6 29. Qf2 h6 30. Kf1 Qd5 31. Qg2 Qxg2+ 32. Kxg2 f5 33. h3
Kf7 34. Kf3 Ke6 35. a3 b5  1/2-1/2